=LDR 00000nam 2200000 4500 =001 INLIS000000000050115 =005 20170419114634.0 =006 =007 =008 =020 ##$$a 97B-602-17759-7-4 =035 ##$$0010-041700000000305 =040 ##$$a NBPDMAT =082 ##$$a 423 =090 ##$$a 423 KAM =100 ##$$a Staf Bahasa Infra =245 ##$$a Kamus Lengkap Bahasa Inggris / Staf Bahasa Infra. =260 ##$$a Depok : Infra Pustaka, 2013 =300 ##$$a viii, 444 hlm. ; 21 cm. =650 ##$$a KAMUS =850 ##$$a NBPDMAT